Start with S, ends with S 2 - Statistics

General Stats
  • This quiz has been taken 17 times
  • The average score is 9 of 15
Answer Stats
Question Answer % Correct
Eaten with cream, at Wimbledon Strawberries
81%
_____ army knife Swiss
81%
Bangers, chipolatas or frankfurters Sausages
75%
Feminine equivalent of Schoolmaster Schoolmistress
75%
What everyone strives for Success
75%
The swinging _____ Sixties
69%
What a pendulum does Swings
69%
Epsom _____ Salts
50%
UK special forces SAS
50%
What one takes to a piste Skis
44%
Characteristic of acne sufferers Spots
44%
A chronic, contagious disease, often venereal Syphilis
44%
Ballroom clothing is full of these Sequins
38%
Another word for trousers Slacks
38%
A state of balance or equilibrium Stasis
25%
No matching quizzes found
Score Distribution
Percent of People with Each Score
Percentile by Number Answered
Your Score History
You have not taken this quiz